Snel achteruit typen Z - A - Statistieken

Algemene statistieken
  • Deze quiz is 805 keer genomen
  • De gemiddelde score is 14 van 26
Antwoordstatistieken
Letter % Correct
Z
99%
Y
94%
X
91%
W
86%
V
85%
U
81%
T
74%
S
73%
R
67%
Q
64%
P
57%
O
55%
N
51%
M
50%
L
46%
K
43%
J
37%
I
36%
H
35%
G
34%
F
30%
D
28%
E
28%
A
26%
C
26%
B
25%
Geen overeenkomende quizzen gevonden
Scoreverdeling
Procent van Mensen met Elke Score
Percentiel versus Aantal Correcte Antwoorden
Uw Scoregeschiedenis
U heeft deze quiz nog niet genomen